000
00233nam a2200097Ia 4500
001
1253370
005
20251031150952.0
008
251031s9999 xx 000 0 und d
245
0
_c
METE YARAR
_a
Y-4 MESİH
260
_b
DESTEK YAYINLARI
999
_c
1253370
_d
1253370